<?xml version="1.0" encoding="UTF-8"?>
<collection xmlns="http://www.loc.gov/MARC21/slim">
 <record>
  <leader>01641nam a22002537a 4500</leader>
  <controlfield tag="001">NCT_62168</controlfield>
  <controlfield tag="008">190405b        xxu||||| |||| 00| 0 vie d</controlfield>
  <datafield tag="999" ind1=" " ind2=" ">
   <subfield code="c">3011</subfield>
   <subfield code="d">3011</subfield>
  </datafield>
  <datafield tag="020" ind1=" " ind2=" ">
   <subfield code="c">245000</subfield>
  </datafield>
  <datafield tag="082" ind1="0" ind2="4">
   <subfield code="2">23rd ed.</subfield>
   <subfield code="a">616.3</subfield>
   <subfield code="b">T500</subfield>
  </datafield>
  <datafield tag="100" ind1="1" ind2=" ">
   <subfield code="a">Trần Việt Tú</subfield>
   <subfield code="e">Chủ biên</subfield>
  </datafield>
  <datafield tag="245" ind1="1" ind2="0">
   <subfield code="a">Nội tiêu hóa</subfield>
   <subfield code="b">( Dùng cho đại học)</subfield>
   <subfield code="c">Trần Việt Tú (chủ biên) ; Đỗ Xuân Chương, Hoàng Gia Lợi, ...(biên soạn)</subfield>
  </datafield>
  <datafield tag="250" ind1=" " ind2=" ">
   <subfield code="a">Tái bản lần thứ 1 có sữa chữa, bổ sung</subfield>
  </datafield>
  <datafield tag="260" ind1=" " ind2=" ">
   <subfield code="a">H.</subfield>
   <subfield code="b">Quân đội nhân dân</subfield>
   <subfield code="c">2011</subfield>
  </datafield>
  <datafield tag="300" ind1=" " ind2=" ">
   <subfield code="a">375 tr.</subfield>
   <subfield code="b">Minh họa</subfield>
   <subfield code="c">27cm</subfield>
  </datafield>
  <datafield tag="500" ind1=" " ind2=" ">
   <subfield code="a">ĐTTS ghi: Học viện Quân y. Bộ môn Nội tiêu hóa</subfield>
  </datafield>
  <datafield tag="520" ind1="3" ind2=" ">
   <subfield code="a">Nội dung đề cập triệu chứng học mô tả được định nghĩa, biểu hiện lâm sàng, nguyên nhân của các triệu chứng chức năng của bộ máy tiêu hóa và trình bày các bệnh liên quan đến tiêu hóa bao gồm nguyên nhân, triệu chứng, điều trị và cách phòng ngừa.</subfield>
  </datafield>
  <datafield tag="653" ind1=" " ind2=" ">
   <subfield code="a">Y Đa khoa</subfield>
  </datafield>
  <datafield tag="700" ind1="1" ind2=" ">
   <subfield code="a">Đỗ Xuân Chương</subfield>
   <subfield code="e">Biên soạn</subfield>
  </datafield>
  <datafield tag="700" ind1="1" ind2=" ">
   <subfield code="a">Hoàng Gia Lợi</subfield>
   <subfield code="e">Biên soạn</subfield>
  </datafield>
  <datafield tag="942" ind1=" " ind2=" ">
   <subfield code="2">ddc</subfield>
   <subfield code="c">BK</subfield>
  </datafield>
  <datafield tag="952" ind1=" " ind2=" ">
   <subfield code="0">0</subfield>
   <subfield code="1">0</subfield>
   <subfield code="2">ddc</subfield>
   <subfield code="4">0</subfield>
   <subfield code="6">616_300000000000000_T500</subfield>
   <subfield code="7">0</subfield>
   <subfield code="9">16355</subfield>
   <subfield code="a">000001</subfield>
   <subfield code="b">000001</subfield>
   <subfield code="d">2019-04-05</subfield>
   <subfield code="o">616.3 T500</subfield>
   <subfield code="p">MD.15027</subfield>
   <subfield code="r">2019-04-05</subfield>
   <subfield code="v">245000.00</subfield>
   <subfield code="w">2019-04-05</subfield>
   <subfield code="y">BK</subfield>
  </datafield>
  <datafield tag="952" ind1=" " ind2=" ">
   <subfield code="0">0</subfield>
   <subfield code="1">0</subfield>
   <subfield code="2">ddc</subfield>
   <subfield code="4">0</subfield>
   <subfield code="6">616_300000000000000_T500</subfield>
   <subfield code="7">0</subfield>
   <subfield code="9">16356</subfield>
   <subfield code="a">000001</subfield>
   <subfield code="b">000001</subfield>
   <subfield code="d">2019-04-05</subfield>
   <subfield code="l">2</subfield>
   <subfield code="m">1</subfield>
   <subfield code="o">616.3 T500</subfield>
   <subfield code="p">MD.15028</subfield>
   <subfield code="r">2021-01-29</subfield>
   <subfield code="s">2021-01-20</subfield>
   <subfield code="v">245000.00</subfield>
   <subfield code="w">2019-04-05</subfield>
   <subfield code="y">BK</subfield>
  </datafield>
  <datafield tag="980" ind1=" " ind2=" ">
   <subfield code="a">Thư viện Trường Đại học Nam Cần Thơ</subfield>
  </datafield>
 </record>
</collection>
